000 00441nam a2200169Ia 4500
003 GCL
008 140319s9999 xx 000 0 eng d
040 _aGCL /
_cGCL
082 0 4 _a621.391.6
_bA M
100 1 _aADAMSON, TOM
245 1 0 _aMICROCOMPUTER REPAIR /
_cADAMSON, TOM
700 1 _aANTONAKOS, JAMES L.
260 _a[S.N] :
_bPRENTICE HALL ،
_c1996
300 _a499 P
650 0 4 _aMICRO COMPUTER MAINTENANCE
942 _2ddc
_cBK
999 _c13133
_d13133